000 00607nam a2200193 i 4500
001 76981
003 ES-MaACL
005 20230906173036.0
007 t|
008 041006s1978 sp ||||1| spa d
100 1 _aGutelman, Michel.
_961026
245 1 0 _aEstructuras y reformas agrarias /
_cMichel Gutelman ; [traducción, Yolanda Marco Serra, José Ramón Fraguas].
250 _a[1ª ed.].
260 _a[Barcelona] :
_bFontamara,
_c[1978]
300 _a219 p. ;
_c19 cm.
700 1 _aMarco Serra, Yolanda.
_976489
700 1 _aFraguas, José Ramón.
_952091
852 _aES-MaACL
_jA-9160
_bR.98181
999 _c76981
_d76981